European Countries Quiz Stats

 Plays Quiz not verified by Sporcle

Support Sporcle.
Go Orange.
Score 0/44 Timer 10:00
0 Plays Today
% Correct
spain
96%
portugal
94%
france
92%
germany
90%
ireland
90%
Great Britain
90%
italy
88%
norway
88%
poland
86%
sweden
86%
denmark
84%
finland
84%
hungary
84%
iceland
84%
netherlands
84%
czech republic
82%
greece
82%
latvia
82%
slovakia
82%
slovenia
82%
austria
80%
estonia
80%
% Correct
Vatican city
80%
switzerland
80%
andorra
78%
romania
78%
lithuania
76%
croatia
74%
luxembourg
74%
belarus
72%
bulgaria
72%
macedonia
72%
liechtenstein
70%
san marino
70%
ukraine
70%
malta
68%
serbia
68%
moldova
66%
monaco
66%
albania
62%
kosovo
60%
bosnia and herzegovina
50%
belguim
24%
montenergo
0%

You're not logged in!

Compare scores with friends on all Sporcle quizzes.
OR
Log In

From the Vault

4-Letter Singers by Picture

by rockgolf

The pros of a four-letter stage name: short, sweet, looks great on a poster.
Remove Ads.
Support Sporcle.
Get the best of Sporcle when you Go Orange. This ad-free experience offers more features, more stats, and more fun while also helping to support Sporcle. Thank you for becoming a member.

Show Comments

Extras

Created Feb 13, 2011ReportNominate
Tags:Country Quiz, Europe Quiz

Top Quizzes Today


Score Distribution

Your Account Isn't Verified!

In order to create a playlist on Sporcle, you need to verify the email address you used during registration. Go to your Sporcle Settings to finish the process.

Report this User

Report this user for behavior that violates our Community Guidelines.

Details: